000 00369nam a2200145Ia 4500
008 240729s9999 xx 000 0 und d
245 0 _aChina Foundry
260 _aChina
260 _bFoundry Journal Agency
650 _a Manufactures
650 _aTechnology
856 _uhttps://doaj.org/toc/dc1df032403b4a878cb6fcb506902d36
942 _2ddc
942 _cDOAJEJ
999 _c71101
_d71101
945 _a1
_bMadushi Gamage
_c1
_dMadushi Gamage